000
00298nam a22001337a 4500
082
_a
823
_b
DUL/S
100
_a
DULLEY, DOMINIC
245
_a
SHATTERMOON
246
_a
SHATTERMOON
_b
SHATTERMOON
260
_a
U K
_b
JO FLETCHER BOOKS
_c
2018
300
_a
423
650
_a
ENGLISH FICTION
942
_c
BK
999
_c
9122
_d
9122